Umhlaba wethu (Record no. 60574)

MARC details
000 -LEADER
fixed length control field 00610nam a2200181 a 4500
008 - FIXED-LENGTH DATA ELEMENTS--GENERAL INFORMATION
fixed length control field 120416s1989 ||||||||||||||||| || u
020 ## - INTERNATIONAL STANDARD BOOK NUMBER
International Standard Book Number 0947009094
050 ## - LIBRARY OF CONGRESS CALL NUMBER
Classification number KD 190 Mut
100 ## - MAIN ENTRY--PERSONAL NAME
Personal name Mutloatse, Mothobi
245 10 - TITLE STATEMENT
Title Umhlaba wethu
246 ## - VARYING FORM OF TITLE
Title proper/short title a historical indictment
260 ## - PUBLICATION, DISTRIBUTION, ETC.
Place of publication, distribution, etc. Johannesburg
Name of publisher, distributor, etc. Skotaville
Date of publication, distribution, etc. 1989
300 ## - PHYSICAL DESCRIPTION
Extent xxii, 164 p. : ill.
350 ## - PRICE (NR) (BK AM CF MU VM SE) [OBSOLETE]
Price 0.00
650 ## - SUBJECT ADDED ENTRY--TOPICAL TERM
Topical term or geographic name entry element LAW
650 ## - SUBJECT ADDED ENTRY--TOPICAL TERM
Topical term or geographic name entry element INDICTMENTS--HISTORY--LAW AND LEGISLATION
995 ## - RECOMMENDATION 995 [LOCAL, UNIMARC FRANCE]
-- 0.00
-- CBU-MAIN LIBRARY (Kitwe)
-- 1
-- 15.00
-- 1
-- AVAILABLE
-- Annex Low-Usage Collection
Holdings
Withdrawn status Lost status Source of classification or shelving scheme Damaged status Not for loan Home library Current library Shelving location Date acquired Total Checkouts Full call number Barcode Date last seen Price effective from Koha item type
          CBU-MAIN LIBRARY, KITWE. CBU-MAIN LIBRARY, KITWE.   11/30/2022   KD 190 Mut 027272 11/30/2022 11/30/2022 MONOGRAPH